000
00253nam a2200097Ia 4500
001
683411
005
20250826161437.0
008
250824s9999 xx 000 0 und d
245
0
_a
DİLE BENDEN NE DİLERSEN
_c
FATMA BURÇAK
260
_b
CARPE DİEM YAYINLARI
999
_c
683411
_d
683411